Jugadores con más partidos en la Sociedad Deportiva Eibar - Estadísticas

Estadísticas generales
  • Esta prueba ha sido intentada 18 veces
  • La puntuación promedio es 4 de 10
Estadísticas de respuestas
Partidos Nacionaliad Jugador % Correcto
197 España Sergi Enrich
88%
238 España Anaitz Arbilla
82%
160 España Kike García
59%
214 España Ander Capa
41%
223 España Dani García
41%
212 España Mikel Arruabarrena
41%
229 España Xabi Irureta
41%
176 España Sergio Álvarez
35%
200 España Txema Añibarro
6%
176 España Txiki Lombraña
0%
No se encontraron pruebas coincidentes
Distribución de puntuación
Porcentaje de gente con cada puntuación
Porcentaje por número respondido
Historial de tus puntuaciones
No has intentado esta prueba.